1801 1497 1408 1816 1008 1263 1608 1244 1142 1685 1579 1942 1496 1893 1392 1119 1335 1815 1599 1851 1984 1727 1901 1285 1673 1497 1213 1465 1313 1492 1952 1898 1228 1030 1341 1434 1995 1917 1132 1940 1173 1057 1875 1094 1881 1893 1199 1119 1502 1254 1031 1168 1850 1922 1287 1787 1297 1846 1367 1358 1528 1081 1039 1153 1351 1384 1096 1408 1638 1929 1190 1384 1560 1658 1170 1176 1266 1424 1458 1848 1987 1190 1785 1029 1928 1346 1673 1606 1960 1159 1279 1828 1593 1852 1830 1860 1932 1900 1649 BCNSPRNW ULIB Ver.6.0+V

เปลี่ยนเป็นภาษาไทย

Change to English
 แสดงรายละเอียดบรรณานุกรม
  กลับหน้าหลัก

Brief Record : Get Marc (ISO 2709) : E-mail record : QR code < ปิดหน้าต่าง
LEADER : 00000nam 2200000uu 4500
001    13399127628
003     ULIB
008    210311s2563||||th 000 0 tha d
020    ^a9786164434141
060    ^aWY152.5^bม647
100    ^aสุวรรณี สิริเลิศตระกูล,^eบรรณาธิการ
245    ^aมาตรฐานการปฏิบัติการพยาบาลคลินิก : การดูแลผู้ป่วยคาสายสวนหลอดเลือดดำส่วนกลาง =^bStandard of clinical nursing practice : central venous access devices care /^cบรรณาธิการโดย สุวรรณี สิริเลิศตระกูล, วัลลภัทร์ จันทร์ขจร.
250    ^aพิมพ์ครั้งที่ 1
260    ^aกรุงเทพฯ :^bองค์กรการบริหารการพยาบาล คณะแพทยศาสตร์โรงพยาบาลรามาธิบดี มหาวิทยาลัยมหิดล,^c2563
300    ^a99 หน้า^bภาพประกอบ
650    ^aการใช้สายสวนหลอดเลือดดำส่วนกลาง -- การพยาบาล
650    ^aการใช้สายสวนหลอดเลือดดำส่วนกลาง -- วิธีการ
650    ^aการปฏิบัติการพยาบาลคลินิก^xมาตรฐาน
650    ^aผู้ป่วยคาสายสวนหลอดเลือดดำส่วนกลาง^xการดูแล
700    ^aวัลลภัทร์ จันทร์ขจร,^eบรรณาธิการ
710    ^aมหาวิทยาลัยมหิดล.^bคณะแพทยศาสตร์โรงพยาบาลรามาธิบดี.
945    ^p400^l0^i007933
945    ^p400^l0^i007934
945    ^p400^l0^i007935
945    ^p400^l0^i007936
945    ^p400^l0^i007937
945    ^p400^l0^i007938
945    ^p400^l0^i007939
945    ^p400^l0^i007940
945    ^p400^l0^i007941
945    ^p400^l0^i007942
999    ^aประนอม เกษจรัล
รายการนี้ยังไม่มีแท็ก
คุณยังไม่ได้ล็อกอิน คุณสามารถมีกิจกรรมร่วมกับเว็บไซต์ได้ แต่ต้องล็อกอินก่อน ::
  ล็อกอิน

รายการสื่อสารสนเทศ

ลำดับที่ ประเภท เลขเรียก/บาร์โค้ด สถานที่ สถานะ
1. Book การพยาบาล
หนังสือสำรอง
สถานะ=หนังสือสำรอง
WY152.5 ม647 ฉ.1 
  Barcode: 007933
ห้องสมุดวิทยาเขตสวรรค์ประชารักษ์
►หนังสือทั่วไป
บนชั้น
2. Book การพยาบาล
Book การพยาบาล
WY152.5 ม647 ฉ.10 
  Barcode: 007942
ห้องสมุดวิทยาเขตสวรรค์ประชารักษ์
►หนังสือทั่วไป
บนชั้น
3. Book การพยาบาล
Book การพยาบาล
WY152.5 ม647 ฉ.2 
  Barcode: 007934
ห้องสมุดวิทยาเขตสวรรค์ประชารักษ์
►หนังสือทั่วไป
บนชั้น
4. Book การพยาบาล
Book การพยาบาล
WY152.5 ม647 ฉ.3 
  Barcode: 007935
ห้องสมุดวิทยาเขตสวรรค์ประชารักษ์
►หนังสือทั่วไป
บนชั้น
5. Book การพยาบาล
Book การพยาบาล
WY152.5 ม647 ฉ.4 
  Barcode: 007936
ห้องสมุดวิทยาเขตสวรรค์ประชารักษ์
►หนังสือทั่วไป
บนชั้น
6. Book การพยาบาล
Book การพยาบาล
WY152.5 ม647 ฉ.5 
  Barcode: 007937
ห้องสมุดวิทยาเขตสวรรค์ประชารักษ์
►หนังสือทั่วไป
บนชั้น
7. Book การพยาบาล
Book การพยาบาล
WY152.5 ม647 ฉ.6 
  Barcode: 007938
ห้องสมุดวิทยาเขตสวรรค์ประชารักษ์
►หนังสือทั่วไป
บนชั้น
8. Book การพยาบาล
Book การพยาบาล
WY152.5 ม647 ฉ.7 
  Barcode: 007939
ห้องสมุดวิทยาเขตสวรรค์ประชารักษ์
►หนังสือทั่วไป
บนชั้น
9. Book การพยาบาล
Book การพยาบาล
WY152.5 ม647 ฉ.8 
  Barcode: 007940
ห้องสมุดวิทยาเขตสวรรค์ประชารักษ์
►หนังสือทั่วไป
บนชั้น
10. Book การพยาบาล
Book การพยาบาล
WY152.5 ม647 ฉ.9 
  Barcode: 007941
ห้องสมุดวิทยาเขตสวรรค์ประชารักษ์
►หนังสือทั่วไป
บนชั้น

รายการใกล้เคียง
    หัวเรื่อง [การใช้สายสวนหลอดเลือดดำส่วนกลาง -- การพยาบาล]
    หัวเรื่อง [การใช้สายสวนหลอดเลือดดำส่วนกลาง -- วิธีการ]

BibComment


ยังไม่เคยถูกคอมเมนท์

คอมเมนท์ทรัพยากรรายการนี้
  คอมเมนท์: มาตรฐานการปฏิบัต..


 Copyright 2026. Bcnsprnw @Library